Adèle - Paroles Rolling In The Deep - Statistiques

Statistiques générales
  • Ce quiz a été pris 284 fois
  • Le résultat moyen est 323 sur 500
Statistiques - réponses
Hint Réponse % Correct
I
100%
in
100%
the
100%
Pré-refrain The
100%
a
99%
my
97%
fire
95%
heart
94%
you
93%
You
93%
you,
93%
Rolling
91%
rolling
91%
deep
89%
deep)
89%
there,
89%
me
86%
me)
86%
it
84%
It
84%
Couplet 1 There's
83%
your
83%
starting
79%
can
78%
of
78%
we
78%
Refrain We
78%
all
77%
all,
77%
and
76%
And
76%
out
76%
be
75%
fever
75%
dark
74%
Reaching
74%
do
73%
had
73%
see
72%
See
72%
love
71%
love,
71%
Go
70%
to
70%
bringing
69%
clear
69%
that
66%
Finally,
65%
have
65%
They
64%
they
64%
remind
60%
beat
59%
can't
59%
hand
59%
inside
59%
it's
59%
scars
59%
crystal
57%
keep
56%
Think
56%
But
55%
feeling
55%
us
55%
Don't
54%
things
54%
played
53%
help
52%
leave
52%
could've
51%
Could've
51%
every
51%
ahead
49%
thinkin'
49%
almost
48%
pitch
47%
pitch,
47%
underestimate
47%
breathless
46%
piece
46%
with
46%
no
44%
will
44%
story
43%
I'll
41%
head
40%
door
39%
gonna
39%
how
39%
on
39%
never
38%
make
37%
Make
37%
told
37%
burn
36%
(You're
35%
are
34%
Couplet 2 Baby,
34%
wish
34%
met
32%
for
31%
open
30%
fall,
28%
heard
28%
sell
28%
what
28%
I'm
27%
into
27%
I've
27%
look
26%
find
24%
lay
24%
one
24%
(Tears
24%
despair
22%
down
22%
home
21%
sorrow
21%
through
21%
back
20%
shit
20%
soul
20%
Turn
20%
Count
19%
depths
19%
bare
18%
blessings
18%
gold
18%
shared
18%
beating
17%
mine
17%
won't
17%
as
16%
just
16%
Bridge Throw
16%
now
15%
pay
13%
sure
13%
kind
12%
treasured
12%
You'll
12%
reap
11%
sow
10%
yeah
8%
Aucun quiz correspondant
Distribution des résultats
% des personnes avec chaque résultat
Percentile par nombre de réponses
Votre historique - résultats
Vous n’avez pas pris ce quiz